000 06218 a2200433 4500
005 20080909160347.0
008 080909t xxu||||| |||| 00| 0 hin d
010 _aHIN-79321 B-299080-094
020 _c175.00
_a819038693x
035 _aHN-51667
035 _a B-299080-094
037 _bD.B.Act / pub
037 _bविजेता प्रकाशन
082 _a323
100 _aशर्मा, शंकर दयाल
245 _aमानवता की हमारी विरासत
_cशंकर दयाल शर्मा
246 _aManavata ki Hamari Virast
_bby Shanker Dayal Sharma
260 _aदिल्ली
_bविजेता प्रकाशन
_c2006
270 _a6/40,मौहल्ला महाराम, गली आर्यासमाज, शाहदरा
_bदिल्ली
_e110032
300 _a142पृ
_c22 सेमी (सजिल्द)
942 _adpl
_cHN
_k323 / शर्माशं
_2ddc
_h323
_mशर्माशं
999 _c1567
_d1567